| Tag |
First Indicator |
Second Indicator |
Subfields |
| LEADER |
00000cam a2200000 i 4500 |
| 001 |
in00003436921 |
| 006 |
m o d |
| 007 |
cr cn||||||||| |
| 008 |
130605s2013 nyua ob 001 0 eng|d |
| 005 |
20250816210747.2 |
| 020 |
|
|
|z 9781782382447 (hardback : alk. paper)
|
| 020 |
|
|
|a 9781782382454 (e-book)
|
| 035 |
|
|
|a (CaPaEBR)ebr10816214
|
| 040 |
|
|
|a CaPaEBR
|b eng
|e rda
|e pn
|c CaPaEBR
|d UtOrBLW
|
| 043 |
|
|
|a e-it---
|
| 050 |
1 |
4 |
|a PN1993.5.I88
|b G88 2013eb
|
| 082 |
0 |
4 |
|a 791.430945
|2 23
|
| 100 |
1 |
|
|a Gundle, Stephen,
|d 1956-
|
| 245 |
1 |
0 |
|a Mussolini's dream factory :
|b film stardom in fascist Italy /
|c Stephen Gundle.
|
| 264 |
|
1 |
|a New York :
|b Berghahn Books,
|c 2013.
|
| 300 |
|
|
|a 1 online resource (332 pages) :
|b illustrations
|
| 336 |
|
|
|a text
|b txt
|2 rdacontent
|
| 337 |
|
|
|a computer
|b c
|2 rdamedia
|
| 338 |
|
|
|a online resource
|b cr
|2 rdacarrier
|
| 504 |
|
|
|a Includes bibliographical references and index.
|
| 505 |
0 |
|
|a Introduction -- Fascism, cinema and stardom. Italian cinema under fascism -- The creation of a star system -- Stars and commercial culture -- The public and the stars -- Italian stars of the Fascist Era. The national star: Isa Miranda -- The matine idol: Vittorio De Sica -- Everybody's fiance: Assia Noris -- The star as hero: Amedeo Nazzari -- The uniformed role model: Fosco Giachetti -- The photogenic beauty: Alida Valli -- The Duce's whim: Miria Di San Servolo -- The aftermath of stardom. Civil war, liberation and reconstruction -- Survival, memory and forgetting.
|
| 588 |
|
|
|a Description based on print version record.
|
| 500 |
|
|
|a Electronic resource.
|
| 650 |
|
0 |
|a Motion pictures
|z Italy
|x History
|y 20th century.
|
| 650 |
|
0 |
|a Motion picture actors and actresses
|z Italy.
|
| 650 |
|
0 |
|a Fascism and motion pictures
|z Italy
|x History.
|
| 655 |
|
7 |
|a Electronic books.
|2 local
|
| 710 |
2 |
|
|a ebrary, Inc.
|
| 776 |
0 |
8 |
|i Print version:
|a Gundle, Stephen.
|t Mussolini's dream factory : film stardom in fascist Italy.
|d New York : Berghahn Books, 2013
|h xii, 320 pages
|z 9781782382447
|w (DLC) 2013020216
|
| 856 |
4 |
1 |
|u https://ebookcentral.proquest.com/lib/tamucs/detail.action?docID=1578643
|y Connect to the full text of this electronic book
|t 0
|
| 999 |
f |
f |
|s 7607eedf-a696-3b2c-af19-cb55e81d57db
|i 0688c721-eea5-371c-9801-56b8554df47f
|t 0
|
| 999 |
|
|
|a MARS
|
| 952 |
f |
f |
|a Texas A&M University
|b College Station
|c Electronic Resources
|d Available Online
|t 0
|e PN1993.5.I88 G88 2013eb
|h Library of Congress classification
|
| 998 |
f |
f |
|a PN1993.5.I88 G88 2013eb
|t 0
|l Available Online
|